Normatívny mechanizmus difúzie produktových inovácií naprieč európskymi trhmi

Príspevok sa zaoberá problematikou alternatívnych modelov difúzie produktových inovácií naprieč európskymi trhmi. Identifikácia a verifikácia pôsobenia normatívneho mechanizmu, signifikantne ovplyvňujúceho spotrebiteľskú akceptáciu a adopciu produktových inovácií. Za týmto účelom je aplikovaný inter...

Ausführliche Beschreibung

Gespeichert in:
Bibliographische Detailangaben
1. Verfasser: Štetka, Peter, 1986-
Weitere Verfasser: Vrtíková, Kristína, Šlosár, Róbert
Format: Buchkapitel
Sprache:Slowakisch
Schlagworte:
Tags: Tag hinzufügen
Keine Tags, Fügen Sie das erste Tag hinzu!

MARC

LEADER 00000nla a2200000 4500
001 0201850
005 20240522133606.8
041 0 |a slo 
044 |a SK 
245 1 0 |a Normatívny mechanizmus difúzie produktových inovácií naprieč európskymi trhmi  |c Peter Štetka, Kristína Vrtíková, Róbert Šlosár 
520 |a Príspevok sa zaoberá problematikou alternatívnych modelov difúzie produktových inovácií naprieč európskymi trhmi. Identifikácia a verifikácia pôsobenia normatívneho mechanizmu, signifikantne ovplyvňujúceho spotrebiteľskú akceptáciu a adopciu produktových inovácií. Za týmto účelom je aplikovaný interkulturálny prístup a ekvivalencia normatívneho mechanizmu so všeobecne známou kultúrnou dimenziou individualizmus verzus kolektivizmus. 
610 2 0 |a inovácia výrobkov 
610 2 0 |a spotrebitelia 
610 2 0 |a správanie spotrebiteľa 
610 2 0 |a individualizmus 
610 2 0 |a Európa 
610 2 0 |a trhy 
100 1 |a Štetka, Peter, 1986- 
700 1 |a Vrtíková, Kristína 
700 1 |a Šlosár, Róbert